Design thinking / (Record no. 21371)
[ view plain ]
| 000 -LEADER | |
|---|---|
| fixed length control field | 00532nam a22001937a 4500 |
| 003 - CONTROL NUMBER IDENTIFIER | |
| control field | OSt |
| 008 - FIXED-LENGTH DATA ELEMENTS--GENERAL INFORMATION | |
| fixed length control field | 260221b2025 |||||||| |||| 00| 0 eng d |
| 020 ## - INTERNATIONAL STANDARD BOOK NUMBER | |
| International Standard Book Number | 9789355329684 |
| 082 ## - DEWEY DECIMAL CLASSIFICATION NUMBER | |
| Classification number | 658.4063 |
| Item number | MAG-D |
| 100 ## - MAIN ENTRY--PERSONAL NAME | |
| Personal name | Magoo, Sanjay Kumar |
| 245 ## - TITLE STATEMENT | |
| Title | Design thinking / |
| Statement of responsibility, etc | Sanjay kumar magoo and Rakesh Gupta |
| 260 ## - PUBLICATION, DISTRIBUTION, ETC. (IMPRINT) | |
| Place of publication, distribution, etc | Chennai : |
| Name of publisher, distributor, etc | McGraw Hill Education, |
| Date of publication, distribution, etc | 2025. |
| 300 ## - PHYSICAL DESCRIPTION | |
| Extent / Pages | xxii, I-5 p. ; |
| 650 ## - SUBJECT ADDED ENTRY--TOPICAL TERM | |
| Topical term or geographic name as entry element | Creative thinking |
| 650 ## - SUBJECT ADDED ENTRY--TOPICAL TERM | |
| Topical term or geographic name as entry element | Industrial management |
| 650 ## - SUBJECT ADDED ENTRY--TOPICAL TERM | |
| Topical term or geographic name as entry element | Design |
| 700 ## - ADDED ENTRY--PERSONAL NAME | |
| Personal name | Gupta, Rakesh |
| 942 ## - ADDED ENTRY ELEMENTS (KOHA) | |
| Source of classification or shelving scheme | |
| Koha item type | Books |
| Withdrawn status | Lost status | Source of classification or shelving scheme | Damaged status | Not for loan | Collection code | Home library | Current library | Date acquired | Source of acquisition | Currency | Cost, normal purchase price | Full call number | Barcode | Date last seen | Copy number | Bill Date | Koha item type | Bill Number |
|---|---|---|---|---|---|---|---|---|---|---|---|---|---|---|---|---|---|---|
| Design Thinking & Innovation | SOBD Library | SOBD Library | 17/02/2026 | All Inida Book House | INR | 595.00 | 658.4063 MAG-D1 | 007199 | 21/02/2026 | 1 | 17/02/2026 | Reference Books | NA/IN/1928 | |||||
| SOBD Library | SOBD Library | 17/02/2026 | All Inida Book House | INR | 595.00 | 658.4063 MAG-D2 | 007200 | 21/02/2026 | 2 | 17/02/2026 | Books | NA/IN/1928 | ||||||
| SOBD Library | SOBD Library | 17/02/2026 | All Inida Book House | INR | 595.00 | 658.4063 MAG-D3 | 007201 | 21/02/2026 | 3 | 17/02/2026 | Books | NA/IN/1928 | ||||||
| SOBD Library | SOBD Library | 17/02/2026 | All Inida Book House | INR | 595.00 | 658.4063 MAG-D4 | 007202 | 21/02/2026 | 4 | 17/02/2026 | Books | NA/IN/1928 | ||||||
| SOBD Library | SOBD Library | 17/02/2026 | All Inida Book House | INR | 595.00 | 658.4063 MAG-D5 | 007203 | 21/02/2026 | 5 | 17/02/2026 | Books | NA/IN/1928 |